000 00951cam a22002775a 4500
001 L158145
008 140915s2014 xxk f 001 0 eng d
020 _a9781315797700
035 _a(Sirsi) u158145
041 0 _aeng
100 1 _aScarrett, Douglas
245 0 0 _aProperty valuation
_bthe five methods
_h[electronic resource]
250 _a3rd ed.
260 _aOxford
_bTaylor & Francis Ltd
_c2014
300 _aeBook
520 _aExamines valuation through the approaches of the comparative, investment, residual, profits and contractors' methods, making use of worked examples and additional commentary where appropriate.
521 _aAdvanced
590 _aKA
650 2 4 _aEBOOK
651 4 _aUnited Kingdom
_y
690 _aValuation
_96273
690 _aInvestments
_96250
700 1 _aOsborn, Sylvia
856 4 8 _uhttps://www.vlebooks.com/
_zView on VLEbooks. Logins for members only from [email protected]
942 _n0
999 _c115170
_d115170